000 00452nam a2200157 a 4500
001 000025773
005 20200930024034.0
008 110222s1988 dr 000 0 spa d
040 _aDO-SdBNP
_bspa
_bBNPHU
245 0 3 _aEl pensamiento de Manuel Arturo Peña Batlle.
260 _aSanto Domingo :
_bUniversidad Iberoamericana,
_c1988.
300 _a58 P. ;
_c23 cm.
490 1 _aSeminario
_vno. 1
830 0 _aSeminario
_vno. 1
_952573
049 _aBNPD
999 _c25265
_d25265